000 01109cam a2200337 a 4500
001 111722
005 20230410103826.0
008 050706s2005 flubc 001 0 eng d
035 _a14027049
942 _2lcc
_cbk
010 _a 2005298879
040 _aDKC
_cDKC
_dOCL
_dDLC
020 _a097691008X
035 _a(OCoLC)ocm60492472
042 _alccopycat
043 _an-us---
_ama-----
050 1 4 _a403 DS 36.7
_bD131a 2005
100 1 _aDahmash-Jarrah, Samar.
245 1 0 _aArab voices speak to American hearts /
_cby Samar Dahmash-Jarrah ; edited by Kirt M. Dressler.
250 _a1st ed.
260 _aTampa, FL :
_bOlive Branch Books,
_c2005.
300 _axiii, 240 p. :
_bmaps, ports. ;
_c23 cm.
500 _aInterviews with 12 Arabs in Egypt, Jordan, and Kuwait based on questions assembled by the author from Americans.
500 _aIncludes index.
650 0 _aArabs
_vInterviews.
650 0 _aArabs
_xAttitudes.
651 0 _aUnited States
_xForeign public opinion, Arab.
650 0 _aCivilization, Arab
_y21st century.
700 1 _aDressler, Kirt M.
946 _aYSL
999 _c26567
_d26567